Sacerdotes y religiosos según el Vaticano II (Record no. 175694)
[ view plain ]
| 000 -LEADER | |
|---|---|
| campo de control de longitud fija | 00943nam a2200253 i 4500 |
| 001 - NÚMERO DE CONTROL | |
| campo de control | 175694 |
| 003 - IDENTIFICADOR DE NÚMERO DE CONTROL | |
| campo de control | ES-MaACL |
| 005 - FECHA Y HORA DE LA ÚLTIMA TRANSACCIÓN | |
| campo de control | 20250830063318.0 |
| 007 - CAMPO FIJO DE DESCRIPCIÓN FÍSICA--INFORMACIÓN GENERAL | |
| campo de control de longitud fija | t| |
| 008 - DATOS DE LONGITUD FIJA--INFORMACIÓN GENERAL | |
| campo de control de longitud fija | 101117s1968 sp ||||1| spa d |
| 080 ## - NÚMERO DE LA CLASIFICACIÓN DECIMAL UNIVERSAL | |
| Número de la Clasificación Decimal Universal | 27-726.25/.3 |
| 100 0# - ENTRADA PRINCIPAL--NOMBRE DE PERSONA | |
| Nombre de persona | Nicolau, Miguel. |
| 9 (RLIN) | 85582 |
| 245 10 - MENCIÓN DEL TÍTULO | |
| Título | Sacerdotes y religiosos según el Vaticano II |
| Resto del título | : referencias al Motu Proprio "Ecclesiae Sanctae" y a la Encíclica "Sacerdotalis Caelibatus" / |
| Mención de responsabilidad, etc. | por Miguel Nicolau, Paolo Dezza, Paolo Molinari. |
| 260 ## - PUBLICACIÓN, DISTRIBUCIÓN, ETC. | |
| Lugar de publicación, distribución, etc. | Madrid : |
| Nombre del editor, distribuidor, etc. | Razón y Fe, |
| Fecha de publicación, distribución, etc. | imp. 1968. |
| 300 ## - DESCRIPCIÓN FÍSICA | |
| Extensión | XVI, 401 p. ; |
| Dimensiones | 23 cm. |
| 490 1# - MENCIÓN DE SERIE | |
| Mención de serie | Biblioteca "Razón y Fe" de Teología ; |
| Designación de volumen o secuencia | 14 |
| 611 04 - PUNTO DE ACCESO ADICIONAL DE MATERIA--NOMBRE DE REUNIÓN/CONGRESO | |
| Nombre de congreso/reunión o jurisdicción como elemento de entrada | Concilio Vaticano ( |
| Número del congreso/reunión o número de parte o sección | 2º. |
| Fecha del congreso o de la firma del tratado | 1962-1965) |
| 9 (RLIN) | 122 |
| 650 04 - PUNTO DE ACCESO ADICIONAL DE MATERIA--TÉRMINO DE MATERIA | |
| Término de materia o nombre geográfico como elemento de entrada | Sacerdotes. |
| 9 (RLIN) | 16959 |
| 700 0# - ENTRADA AGREGADA--NOMBRE PERSONAL | |
| Nombre de persona | Dezza, Paolo. |
| 9 (RLIN) | 143974 |
| 700 0# - ENTRADA AGREGADA--NOMBRE PERSONAL | |
| Nombre de persona | Molinari, Paolo. |
| 9 (RLIN) | 81975 |
| 830 00 - PUNTO DE ACCESO ADICIONAL DE SERIE-TÍTULO UNIFORME | |
| Título uniforme | Biblioteca "Razón y Fe" de teología |
| Designación de volumen o secuencia | 14 |
| 9 (RLIN) | 189823 |
| 852 ## - LOCALIZACIÓN | |
| Ubicación | ES-MaACL |
| Número de control de estantería | E-13554 |
| Encuadernación | Olim P-859 |
| Estatus retirado | Estado de pérdida | Estado de daño | No para préstamo | Biblioteca de origen | Biblioteca actual | Ubicación en estantería | Fecha de adquisición | Fuente de adquisición | Total de préstamos | Signatura topográfica completa | Código de barras | Visto por última vez | Precio de reemplazo | Tipo de ítem Koha |
|---|---|---|---|---|---|---|---|---|---|---|---|---|---|---|
| Biblioteca del Ateneo de Madrid | Biblioteca del Ateneo de Madrid | Depósito 2 | 17/11/2010 | E-13554 | 1184497 | 23/02/2023 | 23/02/2023 | Libro impreso |
